000 00686nam a22002177a 4500
999 _c18833
_d18833
003 AR-CdUCM
008 190502b ||||| |||| 00| 0 spa d
040 _aMUNICIPALIDAD PROVINCIAL DEL CUSCO
_cBIBLIOTECA MUNICIPAL DEL CUSCO
082 _a985.009 /
_bAL472
100 _aAlva Orlandini, Hernan
_935590
245 _aBiblioteca hombres del Perú /
260 _aLima :
_bEditorial universitaria,
_c1964.
300 _a143 páginas ;
_c20 cm.
440 _aserie
_n2
_939681
500 _aTodo acerca de hombres importantes del Perú
650 _aHistoria
_9136
650 _aÉpoca Prehispánica
_92714
650 _aPerú
_935
942 _2ddc
_cLIBROS
945 _apjha
_d2019-05-15